[Event "Bayern Regionalliga Northeast 2007/08"]
[Site "masterchessopen.com Bayern (Germany)"]
[Date "2008.01.20"]
[Round "5"]
[White "Bloederl Alfred (GER)"]
[Black "Haschemi Abbas (GER)"]
[Result "1-0"]
[WhiteElo "2014"]
[BlackElo "2142"]

1.d4 Nf6 2.c4 g6 3.g3 c6 4.Bg2 d5 5.Nf3 Bg7 6.O-O dxc4 7.Ne5 Ng4 8.Nxg4 Bxg4
9.h3 Be6 10.e3 Qd7 11.Kh2 Na6 12.Na3 O-O 13.Qe2 b5 14.Rd1 Rab8 15.Bd2 Qc7
16.Nc2 c5 17.d5 Bd7 18.Rab1 Qd6 19.e4 Nb4 20.Bf4 Be5 21.Bxe5 Qxe5 22.f4 Qc7
23.a3 Nd3 24.Ne1 Nxe1 25.Rxe1 e6 26.dxe6 Bxe6 27.f5 gxf5 28.Qh5 Qe5 29.Rf1
Rbd8 30.Rf4 f6 31.exf5 Bd5 32.Rg4+ Kh8 33.Rh4 Qc7 34.Re1 Qf7 35.Bxd5 Rxd5
36.Qf3 Rd2+ 37.Re2 Rxe2+ 38.Qxe2 Re8 39.Re4 Rxe4 40.Qxe4 Qc7 41.Qe6 Kg7 42.Kg2
b4 43.Qxc4 bxa3 44.bxa3 Qb7+ 45.Kg1 Qb1+ 46.Kg2 Qxf5 47.a4 Qc8 48.g4 Qc6+
49.Kg3 Qd6+ 50.Kf3 Qe5 51.a5 h5 52.gxh5 Qxh5+ 53.Kg3 Qe5+ 54.Kf3 f5 55.a6 Kf6
56.Qb5 Qe4+ 57.Kf2 Qd4+ 58.Kf3 c4 59.Qc6+ Ke7 60.Qc7+ Ke6 61.Qc8+ Kf6 62.Qh8+
{#r} 1-0

[Event "Bundesliga B Mitte 2010/11"]
[Site "masterchessopen.com Austria"]
[Date "2011.03.13"]
[Round "8"]
[White "Hartl Daniel (AUT)"]
[Black "Steflitsch Erich (AUT)"]
[Result "0-1"]
[WhiteElo "2272"]
[BlackElo "2369"]

1.d4 Nf6 2.c4 g6 3.g3 c6 4.Bg2 d5 5.b3 dxc4 6.bxc4 e5 7.e3 Be6 8.Qb3 Nbd7
9.Qxb7 Rb8 10.Qxa7 Bxc4 11.Bxc6 Bd5 12.Bxd5 Nxd5 13.Nd2 Qc8 14.Qa4 Qc3 15.Ne2
Qxa1 16.O-O Nc3 17.Nxc3 Qxc3 18.Ne4 Qc8 19.Nf6+ Ke7 20.dxe5 Nxe5 21.Nd5+ Ke6
22.Qe4 Bd6 23.f4 f5 24.Qd4 Nf3+ 25.Rxf3 Qxc1+ 26.Rf1 Qc5 27.Qf6+ Kxd5 28.Rd1+
Kc6 29.Rxd6+ Qxd6 30.Qc3+ Kd7 {#R} 0-1

[Event "Bundesliga B West 2008/09"]
[Site "masterchessopen.com Austria"]
[Date "2008.10.18"]
[Round "2"]
[White "Durakovic Alman (BIH)"]
[Black "Stoeckl Norbert (AUT)"]
[Result "1-0"]
[WhiteElo "2176"]
[BlackElo "2084"]

1.d4 Nf6 2.c4 g6 3.g3 c6 4.Bg2 d5 5.cxd5 cxd5 6.Nf3 Bg7 7.O-O Nc6 8.Nc3 Ne4
9.Ne5 Nxc3 10.bxc3 Nxe5 11.dxe5 O-O 12.f4 Qb6+ 13.Qd4 Qxd4+ 14.cxd4 Rd8 15.Ba3
Bf8 16.Rfc1 e6 17.Bxf8 Kxf8 18.Rc7 Rb8 19.g4 Ke8 20.Rac1 Bd7 21.f5 Rdc8 22.e4
dxe4 23.Bxe4 Kd8 24.Rxc8+ Rxc8 25.Rxc8+ Kxc8 26.fxg6 fxg6 27.Kf2 b5 28.g5 a5
29.Ke3 Kc7 30.d5 Kb6 31.Kd4 b4 32.h4 a4 33.Kc4 Ka5 34.Kc5 b3 35.axb3 axb3
36.Kd6 exd5 37.Bxd5 b2 38.Ba2 Ba4 39.e6 Bb3 40.Bb1 Kb4 41.e7 Ba4 42.Kc7 {#r}
1-0

[Event "Ch Australia"]
[Site "masterchessopen.com Melbourne (Australia)"]
[Round "3"]
[White "Booth Stewart (AUS)"]
[Black "Hill Shane Malcolm (AUS)"]
[Result "0-1"]
[WhiteElo "2116"]
[BlackElo "2295"]

1.d4 Nf6 2.c4 g6 3.g3 c6 4.Bg2 d5 5.Qb3 Bg7 6.Nc3 O-O 7.Nf3 dxc4 8.Qxc4 Be6
9.Qd3 Na6 10.O-O Bf5 11.e4 Nc5 12.Qe2 Ncxe4 13.Rd1 Nd6 14.Ne5 Be6 15.d5 cxd5
16.Nxd5 Nxd5 17.Bxd5 Bxd5 18.Rxd5 Qc8 19.f4 Qe6 20.Qd3 Rac8 21.Bd2 Rc7 22.Bc3
Nf5 23.Kh1 h5 24.Re1 Rfc8 25.Rd8+ Kh7 26.Rd5 Rc5 27.Rxc5 Rxc5 28.Rd1 Bxe5
29.Bxe5 Qc6+ 30.Kg1 Rc2 31.Qd5 Qxd5 32.Rxd5 f6 33.Bc3 Rc1+ 34.Kf2 Nd6 35.Kf3
Kg7 36.Rc5 Kf7 37.Rd5 Rc2 38.h3 Ke6 39.Rd3 Nb5 40.Bb4 Rxb2 41.a3 Nd6 42.g4 f5
43.gxh5 gxh5 44.Bc5 a5 45.Bd4 Rb1 46.Kg3 a4 47.Kh4 Rb3 48.Rc3 Nb5 49.Rxb3 axb3
50.Bb2 Nd6 51.Kxh5 Kf7 52.Kg5 Nc4 53.Bc1 e6 54.h4 b2 55.Bxb2 Nxb2 56.h5 b5
57.Kh6 Nc4 58.Kh7 Nb6 59.h6 Nd5 {#R} 0-1

[Event "Ch Austria"]
[Site "masterchessopen.com Semriach (Austria)"]
[Round "8"]
[White "Hoelzl Franz (AUT)"]
[Black "Eisterer Heinrich (AUT)"]
[Result "0-1"]
[WhiteElo "2336"]
[BlackElo "2364"]

1.d4 Nf6 2.c4 g6 3.g3 c6 4.Bg2 d5 5.Qa4 Bg7 6.cxd5 Nxd5 7.Nf3 O-O 8.O-O Bf5
9.Nbd2 Nb6 10.Qa3 Qd6 11.b3 Na6 12.e4 Bg4 13.Qxd6 exd6 14.Ba3 Rfd8 15.Rac1 Nc7
16.h3 Bxf3 17.Nxf3 a5 18.Rfd1 Nb5 19.Bb2 a4 20.Bf1 axb3 21.axb3 Ra2 22.Rc2 Nc7
23.Bd3 d5 24.e5 Nd7 25.Re2 Nf8 26.Nd2 Rxb2 {#R} 0-1

[Event "Ch City"]
[Site "masterchessopen.com Nizhnij Novgorod (Russia)"]
[Round "0"]
[White "Vidyaev Evgeny (RUS)"]
[Black "Klimychev Vladimir (RUS)"]
[Result "1-0"]
[WhiteElo "2066"]
[BlackElo "2034"]

1.d4 d5 2.g3 Nf6 3.Bg2 g6 4.c4 c6 5.Nf3 Bg7 6.O-O Nbd7 7.Nc3 O-O 8.Qb3 Qb6
9.cxd5 Qxb3 10.axb3 Nxd5 11.Nxd5 cxd5 12.Bf4 Rd8 13.Rfc1 Nf8 14.Bc7 Re8 15.Ne5
e6 16.Bd6 f6 17.Nd3 Nd7 18.Rc7 Rd8 19.Be7 Re8 20.Bb4 f5 21.e3 Nb8 22.Ne5 Bxe5
23.dxe5 Na6 24.Re7 Rxe7 25.Bxe7 Bd7 26.Bf1 Nc7 27.Rc1 Bc6 28.Bd6 Rc8 29.b4 Ne8
30.b5 Bd7 31.Rxc8 Bxc8 32.Bb8 a5 33.Ba7 a4 34.Bb6 Kf7 35.Bd8 Ng7 36.h3 Ke8
37.Bb6 Ke7 38.Bd3 Bd7 39.Bc5+ Kd8 40.b6 Bc6 41.Kf1 Ke8 42.Ke1 g5 43.Kd2 h5
44.Bd4 h4 45.gxh4 gxh4 46.Be2 Kf7 47.Ke1 Kg6 48.Kf1 f4 49.Bd3+ Kg5 50.Kg2 Nf5
51.Bxf5 Kxf5 52.Kf3 Bb5 53.Kg2 f3+ 54.Kxf3 Bf1 55.Bc5 Bxh3 56.Be7 Bg4+ 57.Kg2
h3+ 58.Kg3 Kxe5 59.f3 Bf5 60.Bd8 Kd6 61.Bc7+ Kc5 62.e4 {#r} 1-0

[Event "Ch City"]
[Site "masterchessopen.com Kemerovo (Russia)"]
[Date "2010.03.18"]
[Round "6"]
[White "Riabov Alexander (SVK)"]
[Black "Ganichev Boris (RUS)"]
[Result "0-1"]
[WhiteElo "2072"]
[BlackElo "2066"]

1.d4 Nf6 2.c4 d5 3.g3 c6 4.Bg2 g6 5.Nf3 Bg7 6.O-O O-O 7.cxd5 Nxd5 8.e4 Nb6
9.h3 N8d7 10.Nc3 Nf6 11.Qe2 Bd7 12.Be3 Be6 13.b3 a5 14.Nd2 a4 15.b4 a3 16.Rfc1
Na4 17.Nxa4 Rxa4 18.b5 Bd7 19.bxc6 bxc6 20.Nb3 Rb4 21.Rab1 Qb8 22.Qc2 Rd8
23.Bf4 Qa7 24.Qc5 Qxc5 25.Rxc5 Ra8 26.Bd2 Rba4 27.Be3 e6 28.Rcc1 Rb4 29.Nc5
Rxb1 30.Rxb1 Be8 31.f3 Bf8 32.Nb3 Nd7 33.Rc1 Nb8 34.Bf1 Kg7 35.Rc2 Na6 36.Bxa6
Rxa6 37.Bc1 Ra4 38.Kf2 f6 39.Ke3 e5 40.dxe5 fxe5 41.Kd3 Bf7 42.Nd2 Rd4+ 43.Ke3
Ra4 44.Nb1 Be6 45.h4 h5 46.Bd2 Kf7 47.Bc3 Bh6+ 48.f4 exf4+ 49.gxf4 Bf8 50.Nd2
c5 51.Nf3 Bd6 52.Ng5+ Ke7 53.Nxe6 Kxe6 54.Be1 c4 55.Bg3 Bc5+ 56.Ke2 Rb4 57.Be1
Rb2 58.Kd1 Be3 59.Bg3 Rb4 60.Ke2 Bd4 61.Be1 Ra4 62.Bc3 Bb6 63.Bg7 Bd8 64.Ke3
Bxh4 65.Bf8 Bf6 66.e5 Be7 67.Bh6 Kf5 68.Kd4 h4 69.Rg2 h3 70.Rg3 Rb4 71.Rxh3
Rb2 72.Bg7 Rxa2 73.Kxc4 Rf2 74.Bf6 a2 75.Rh1 Bxf6 76.exf6 Kxf6 77.Kd4 Rxf4+
78.Ke3 Ra4 79.Ra1 Ke5 {#R} 0-1

[Event "Ch City"]
[Site "masterchessopen.com Ulyanovsk (Russia)"]
[Date "2010.03.27"]
[Round "8"]
[White "Sanatullin Rinat (RUS)"]
[Black "Chaplygin Anton (RUS)"]
[Result "1-0"]
[WhiteElo "2216"]
[BlackElo "1992"]

1.d4 Nf6 2.c4 g6 3.g3 c6 4.Bg2 d5 5.cxd5 cxd5 6.Nc3 Bg7 7.Nf3 O-O 8.Bf4 a6
9.O-O Nc6 10.Ne5 Qb6 11.Na4 Qb5 12.Rc1 Nxe5 13.Rc5 Nc4 14.Rxb5 axb5 15.Nc3
Nxb2 16.Qb3 Nc4 17.Nxd5 Nxd5 18.Bxd5 Bxd4 19.Qxb5 Nb6 20.Bb3 Bd7 21.Qb4 e5
22.Be3 Ra6 23.Bxd4 exd4 24.Qxd4 Bc6 25.h4 Nd7 26.Rc1 {#r} 1-0

[Event "Ch City (seniors)"]
[Site "masterchessopen.com Berlin (Germany)"]
[Date "2010.02.15"]
[Round "7"]
[White "Krusemark Gerhard (GER)"]
[Black "Krempelsetzer Klaus"]
[Result "1-0"]
[WhiteElo "1801"]
[BlackElo "1716"]

1.d4 Nf6 2.c4 g6 3.g3 c6 4.Bg2 d5 5.b3 Bg7 6.Nc3 O-O 7.Nf3 Na6 8.O-O Nc7 9.h3
Be6 10.c5 b6 11.Ba3 bxc5 12.Bxc5 Na6 13.Ba3 Re8 14.Rc1 Qa5 15.Na4 Rac8 16.Ne5
Nb8 17.e3 Nfd7 18.Nd3 Na6 19.b4 Qb5 20.Nc3 Qb7 21.Rb1 Nc7 22.Bb2 Nb5 23.Na4
Bf5 24.Nac5 Nxc5 25.Nxc5 Qb6 26.Rc1 Rc7 27.g4 Bd7 28.Qa4 e6 29.Rc2 Bf8 30.Rfc1
Bxc5 31.dxc5 Qb7 32.Qb3 Rcc8 33.a4 Nc7 34.f4 f6 35.Bxf6 Rf8 36.Bb2 Ne8 37.Qc3
Kf7 38.h4 Rb8 39.b5 Ke7 40.g5 Kd8 41.Qa5+ Kc8 42.Be5 Ra8 43.e4 a6 44.b6 Kd8
45.exd5 exd5 46.Bxd5 Bf5 47.Rd2 cxd5 48.c6 Qf7 49.b7+ {#r} 1-0

[Event "Ch City (superfinal)"]
[Site "masterchessopen.com Tiumen (Russia)"]
[Date "2011.01.23"]
[Round "2"]
[White "Bacherikov Vitaly (RUS)"]
[Black "Kotlyar Kirill (RUS)"]
[Result "0-1"]
[WhiteElo "2259"]
[BlackElo "2250"]

1.d4 Nf6 2.g3 g6 3.Bg2 d5 4.c4 c6 5.Nc3 Bg7 6.Qb3 O-O 7.Bg5 dxc4 8.Qxc4 b5
9.Qd3 Bf5 10.e4 Be6 11.Nge2 Bc4 12.Qd2 b4 13.Na4 Bxe2 14.Kxe2 Qa5 15.b3 Rd8
16.Rac1 Qb5+ 17.Ke1 Nbd7 18.Be3 e5 19.d5 cxd5 20.exd5 e4 21.Bf1 Qb7 22.Bc4 Ne5
23.Kf1 Nxd5 24.Nc5 Nxc4 25.Rxc4 Qb5 26.Nxe4 f5 27.Ng5 Bc3 28.Qe2 Nxe3+ 29.Qxe3
Re8 30.Qf3 h6 31.Nh3 Rac8 32.Nf4 Rxc4 33.bxc4 Qxc4+ 34.Kg2 Qxa2 35.Qc6 Qf7
36.Rd1 Bg7 37.Nxg6 {#R} 0-1

[Event "Ch Europe"]
[Site "masterchessopen.com Ohrid (Macedonia)"]
[Round "6"]
[White "Djuric Stefan (SRB)"]
[Black "Golod Vitali (ISR)"]
[Result "1-0"]
[WhiteElo "2512"]
[BlackElo "2517"]

1.d4 Nf6 2.c4 g6 3.g3 c6 4.Bg2 d5 5.Qa4 e6 6.Nf3 Nbd7 7.cxd5 exd5 8.O-O Bg7
9.Qa3 Bf8 10.Qb3 Bg7 11.Qe3+ Qe7 12.Qxe7+ Kxe7 13.b3 Rd8 14.Ba3+ Ke8 15.Bd6
Nb6 16.Bc7 Rd7 17.Be5 Re7 18.Nc3 Bg4 19.Ng5 h6 20.Nh7 Nbd7 21.Nxf6+ Bxf6
22.Bxf6 Nxf6 23.f3 Bf5 24.Rae1 Kf8 25.e4 dxe4 26.fxe4 Rae8 27.e5 Nd7 28.h3 Kg7
29.g4 Be6 30.Ne4 Rf8 31.Nd6 Nb6 32.Rf4 Bd5 33.Ref1 Bxg2 34.Kxg2 Nc8 35.Ne4 Rd8
36.Nc5 Rd5 37.e6 Nd6 38.Rf6 g5 39.exf7 Nxf7 40.Ne6+ Kg8 41.Rg6+ Kh8 42.Rff6
Rdd7 43.Kg3 b6 44.h4 gxh4+ 45.Kxh4 Rd6 46.Kg3 Rdd7 47.g5 hxg5 48.Rf1 Rxd4
49.Nxd4 {#r} 1-0

[Event "Ch Europe (juniors) (under 14)"]
[Site "masterchessopen.com Rimavska Sobota (Slovakia)"]
[Round "4"]
[White "Vavrak Peter (SVK)"]
[Black "Kovchan Alexander (UKR)"]
[Result "0-1"]
[WhiteElo "2105"]
[BlackElo "2240"]

1.d4 Nf6 2.c4 g6 3.g3 c6 4.Bg2 d5 5.cxd5 cxd5 6.Nc3 Bg7 7.Nh3 Bxh3 8.Bxh3 O-O
9.O-O Nc6 10.e3 e6 11.b3 Rc8 12.Bb2 Qa5 13.a3 Qb6 14.Na4 Qb5 15.Nc5 Na5 16.a4
Qb6 17.Bc3 Ne4 18.Bxa5 Qxa5 19.Nxe4 dxe4 20.Qb1 Qd5 21.Bg2 f5 22.f3 Bh6 23.f4
Rc3 24.Re1 Rfc8 25.Ra2 Rxb3 26.Rb2 Rcc3 27.Kf2 Qc4 28.Rxb3 Rxb3 29.Qa2 Rb4
30.Qxc4 Rxc4 31.Rb1 Rc2+ 32.Kg1 Rc7 33.a5 Kf7 34.Bf1 Ke7 35.Rb3 Kd8 36.a6 b6
37.Bb5 Bf8 38.Kf2 Rc2+ 39.Kg1 Bd6 40.Kh1 Be7 41.Kg1 g5 42.Kh1 gxf4 43.gxf4 Bh4
44.Bf1 Bf2 45.Bb5 h5 46.Ba4 Ra2 47.Bb5 h4 48.h3 Rc2 49.Bf1 Kd7 50.Bb5+ Kd6
51.Bf1 Rc7 52.Kg2 Be1 53.Bb5 Rc2+ 54.Kf1 Bg3 55.Kg1 Kd5 56.Bf1 Bf2+ 57.Kh1
Bxe3 58.Rxe3 Kxd4 59.Rb3 e3 60.Rb4+ Kd5 61.Kg1 e2 62.Bg2+ Kc5 63.Rb1 Kd4
64.Bf3 Ke3 65.Bh5 Ra2 66.Re1 Rb2 67.Ra1 b5 68.Re1 b4 69.Be8 e5 70.fxe5 f4
71.Bh5 f3 72.Bxf3 Kxf3 73.e6 Rb3 74.Kh2 Re3 {#R} 0-1

[Event "Ch Europe (juniors) (under 16) (g)"]
[Site "masterchessopen.com Budva (Yugoslavia)"]
[Round "9"]
[White "Kozak Magdalena (POL)"]
[Black "Bannikova Anastasia (RUS)"]
[Result "1-0"]
[WhiteElo "2094"]
[BlackElo "2162"]

1.d4 Nf6 2.c4 g6 3.g3 c6 4.Bg2 d5 5.cxd5 cxd5 6.Nc3 Bg7 7.Bg5 e6 8.Nf3 O-O
9.O-O h6 10.Bxf6 Bxf6 11.Qd2 Kh7 12.Rac1 Nc6 13.Rfd1 Bd7 14.e4 Ne7 15.Qf4 Bg7
16.Ne5 Bc6 17.exd5 Bxd5 18.Nxd5 Nxd5 19.Bxd5 Qxd5 20.Rc7 g5 21.Qe3 Rad8
22.Nxf7 Rd7 23.Rxd7 Qxd7 24.Qe4+ Kg8 25.Ne5 Bxe5 26.Qxe5 Qf7 27.Rd2 Rc8 28.d5
exd5 29.Rxd5 Re8 30.Qd4 Qf3 31.Rd8 Rxd8 32.Qxd8+ Kh7 33.Qe7+ Kg8 34.Qe6+ Kh7
35.Qc4 h5 36.h4 gxh4 37.Qxh4 a6 38.Qe7+ Kg6 39.Qe6+ Kg7 40.Qe3 Qd1+ 41.Kh2 Qd5
42.a3 Kg6 43.f3 Kg7 44.Kh3 Qd7+ 45.Kh4 Qc7 46.Qc3+ Qxc3 47.bxc3 Kh6 48.f4 Kg6
49.f5+ {#r} 1-0

[Event "Ch Europe (team) (juniors) (under 18)"]
[Site "masterchessopen.com Pardubice (Czech Republic)"]
[Date "2012.07.17"]
[Round "8"]
[White "Berchtenbreiter Maximilian (GER)"]
[Black "Seidl Stepan (CZE)"]
[Result "1-0"]
[WhiteElo "2336"]
[BlackElo "2180"]

1.d4 Nf6 2.c4 g6 3.g3 c6 4.Bg2 d5 5.Nf3 Bg7 6.O-O dxc4 7.Ne5 Ng4 8.Nf3 Nf6
9.Qc2 Be6 10.Ng5 Bc8 11.Qxc4 O-O 12.Nc3 Nbd7 13.Bf4 Nb6 14.Qd3 Nbd5 15.Be5 h6
16.Nf3 Nxc3 17.bxc3 Bf5 18.Qd1 Be4 19.Qb3 Qb6 20.c4 Nd7 21.Bxg7 Kxg7 22.Qe3
Bxf3 23.Qxf3 Rab8 24.Qc3 Kg8 25.Rab1 Qc7 26.f4 e6 27.e4 c5 28.d5 Rfe8 29.e5 a6
30.d6 Qc8 31.a4 b6 32.Rb2 f6 33.g4 Kf7 34.Qh3 Rh8 35.Re2 g5 36.Qh5+ Kg7
37.fxg5 hxg5 38.exf6+ {#r} 1-0

[Event "Ch Euskadi (team)"]
[Site "masterchessopen.com Euskadi (Spain)"]
[Round "0"]
[White "Uriarte Prieto Goio (ESP)"]
[Black "Garcia JM"]
[Result "0-1"]
[WhiteElo "2017"]
[BlackElo "1980"]

1.d4 d5 2.c4 c6 3.g3 Nf6 4.Bg2 g6 5.Nc3 Bg7 6.cxd5 Nxd5 7.e4 Nxc3 8.bxc3 O-O
9.Ne2 Nd7 10.O-O Nb6 11.Qc2 e5 12.Ba3 Re8 13.dxe5 Nc4 14.Rad1 Qa5 15.Bc1 Nxe5
16.c4 Be6 17.Bf4 c5 18.Bxe5 Bxe5 19.f4 Bc7 20.f5 Bc8 21.Nf4 Be5 22.fxg6 hxg6
23.Nd5 Be6 24.Rb1 Bxd5 25.exd5 Qc7 26.Kh1 Rab8 27.Rb3 Kg7 28.Rbf3 Re7 29.Qd2
Qd6 30.Qg5 b5 31.cxb5 Rxb5 32.g4 Rb8 33.Rh3 Rh8 34.Rxh8 Kxh8 35.Rf3 Bd4 36.Qd2
Kg8 37.Rf1 Kg7 38.h4 Qg3 39.Qg5 f6 {#R} 0-1

[Event "Ch France"]
[Site "masterchessopen.com Aix les Bains (France)"]
[Date "2007.08.19"]
[Round "6"]
[White "Tkachiev Vladislav (FRA)"]
[Black "Vachier-Lagrave Maxime (FRA)"]
[Result "1-0"]
[WhiteElo "2661"]
[BlackElo "2634"]

{ Tkachiev Vladislav (FRA) +1 =1 -0 Vachier-Lagrave Maxime (FRA) +1 =0 -0 }
1.d4 Nf6 2.c4 g6 3.g3 c6 ( 3...Bg7 4.Bg2 c5 5.d5 d6 6.Nc3 a6 7.a4 O-O 8.Bf4 e5
9.dxe6 Bxe6 10.Bxd6 Re8 11.Bxc5 Qa5 12.b4 Qc7 13.Nd5 Nxd5 14.cxd5 Bxa1 15.Qxa1
Bf5 16.Nf3 Nd7 17.Be3 Qc4 18.Qb2 Qxd5 19.O-O Be4 20.Bd4 Rac8 21.Bh8 f6 22.Bxf6
Rc2 23.Qa1 { ...0-1, Marcelin Cyril 2471 - Vachier-Lagrave Maxime 2576 ,
France 1. 4.2006 Ch France (team) 2006 } ) 4.Bg2 d5 { ?/= } 5.Qa4 ( 5.cxd5
cxd5 6.Nf3 Bg7 7.Nc3 Ne4 8.Qb3 Nxc3 9.bxc3 Nc6 10.Nd2 e6 11.Ba3 f5 12.e3 Na5
13.Qb2 b6 14.Bb4 Nc6 15.c4 Nxb4 16.Qxb4 Bb7 17.Rc1 Qd7 18.O-O Kf7 19.Rc3 Rhc8
20.Rfc1 Kg8 21.R1c2 Bf8 22.Qb2 Be7 23.h4 Rc7 24.Nf3 Bf6 { ...1/2-1/2, Karpov
Anatoly 2775 - Gelfand Boris 2685 , Sanghi Nagar 1995 Ch World (match) (cand.)
(1/2) } ) ( 5.Nf3 Bg7 6.cxd5 cxd5 7.Nc3 Nc6 8.Ne5 Bd7 9.O-O e6 10.Bf4 O-O
11.Qd2 Nxe5 12.Bxe5 Bc6 13.Rac1 Ne8 14.Rc2 f6 15.Bf4 g5 16.Be3 Nd6 17.b3 h6
18.Qd3 f5 19.Bc1 Qa5 20.Bd2 Qb6 21.e3 Ne4 22.Rfc1 Nxd2 23.Qxd2 f4 24.Na4 Bxa4
{ ...1-0, Karpov Anatoly 2775 - Glek Igor V 2670 , Cap d'Agde 1996 It (active)
} ) 5...Bg7 ( 5...dxc4 6.Qxc4 Bg7 7.Nf3 O-O 8.O-O Bf5 9.Nc3 Nbd7 10.Re1 Nb6
11.Qb3 Ne4 12.e3 Nxc3 13.bxc3 Be4 14.c4 Qc7 15.Ba3 Rfd8 16.Rad1 e6 17.Ng5 Bxg2
18.Kxg2 Rd7 19.f4 Re8 20.Ne4 Rb8 21.Rb1 Rdd8 22.Kg1 Nc8 23.Rec1 Ne7 24.Bxe7
Qxe7 25.a4 { ...1/2-1/2, Kutirov Rolando 2390 - Konopka Michal 2475 , Ohrid
2001 Ch Europe } ) ( 5...Nbd7 6.cxd5 Nb6 7.Qb3 Nbxd5 8.e4 Nb6 9.Ne2 Bg7 10.O-O
O-O 11.Rd1 Be6 12.Qc2 Qc8 13.Nf4 Bg4 14.f3 Bd7 15.a4 Be8 16.Be3 Nbd7 17.Na3
Nb8 18.b4 Na6 19.Qb3 Nd7 20.Rac1 Qd8 21.Nc4 Rc8 22.Bf1 Nab8 23.b5 b6 24.Bh3
Kh8 25.e5 { ...1-0, Vaganian Rafael A 2590 - Siebrecht Sebastian 2457 ,
Dresden 7. 4.2007 Ch Europe } ) ( 5...e6 6.Nf3 Nbd7 7.cxd5 exd5 8.O-O Bg7
9.Qa3 Bf8 10.Qb3 Bg7 11.Qe3+ Qe7 12.Qxe7+ Kxe7 13.b3 Rd8 14.Ba3+ Ke8 15.Bd6
Nb6 16.Bc7 Rd7 17.Be5 Re7 18.Nc3 Bg4 19.Ng5 h6 20.Nh7 Nbd7 21.Nxf6+ Bxf6
22.Bxf6 Nxf6 23.f3 Bf5 24.Rae1 Kf8 25.e4 { ...1-0, Djuric Stefan 2512 - Golod
Vitali 2517 , Ohrid 2001 Ch Europe } ) 6.cxd5 Nxd5 7.Nf3 Nb6 { -0.15 CAP N } (
7...O-O 8.O-O Nd7 ( 8...Nb6 9.Qc2 Bf5 10.e4 Bg4 11.Ne5 Bxe5 12.dxe5 Qd4 13.Qc3
Qxc3 14.Nxc3 N8d7 15.f4 Be6 16.b3 f5 17.exf6 exf6 18.Be3 a5 19.Rad1 a4 20.Nxa4
Nxa4 21.bxa4 Rf7 22.Rb1 Nf8 23.Rb4 Rd7 24.Bd4 Kf7 25.a3 b5 26.axb5 cxb5 27.f5
{ ...1-0, Moser Eva 2416 - Umudova Nargiz 2216 , Dresden 7. 4.2007 Ch Europe
(w) } ) 9.Nc3 N5b6 10.Qc2 e5 11.Bg5 f6 12.Be3 f5 13.Qb3+ Kh8 14.dxe5 Nxe5
15.Bc5 Re8 16.Rfd1 Qf6 17.Nxe5 Qxe5 18.Bxb6 Be6 19.Qb4 axb6 20.Qxb6 Qb8 21.Rd2
Qa7 22.Qxa7 Rxa7 23.a3 Bxc3 24.bxc3 Rea8 25.Rd6 Bg8 26.Rb1 Rxa3 27.Rxb7 {
...1-0, Djuric Stefan 2512 - Sarno Spartaco 2407 , Naxos 2001 It } ) ( 7...Bf5
8.O-O Nd7 9.Nbd2 N5f6 10.Re1 Nb6 11.Qd1 O-O 12.e4 Bg4 13.h3 Bxf3 14.Nxf3 Nfd7
15.a4 a5 16.Qb3 e5 17.Nxe5 Nxe5 18.dxe5 Nd7 19.e6 Ne5 20.Be3 Qd3 21.Qxb7 fxe6
22.Rad1 Rab8 23.Qe7 Rfe8 24.Qc5 Qc4 25.Qa7 Ra8 26.Qc7 Rec8 27.Qd6 {
...1/2-1/2, Neckar Lubomir 2375 - Jeske Eckhard 2242 , Rostock 1981 It } )
8.Qc2 Bf5 9.e4 Bg4 10.Ne5 Be6 11.Be3 c5 12.Qxc5 N8d7 13.Nxd7 Qxd7 14.Na3 Rc8
15.Qb4 Nc4 16.O-O a5 17.Qb5 Qxb5 18.Nxb5 O-O 19.Rfc1 Nxb2 20.e5 Nc4 21.Bg5 f6
22.exf6 exf6 23.Bf4 g5 24.Bc7 Rf7 25.d5 Bd7 26.Nd6 Nxd6 27.Bxd6 Bf8 28.Rxc8
Bxc8 29.Bb8 Bf5 30.d6 Rd7 31.Rd1 Kf7 32.Bc7 { ? } ( 32.Bf1 Bg4 33.Bc4+ Kg6
34.Rd4 Bf3 35.Be6 Rd8 36.d7 Rxb8 37.d8=Q Rxd8 38.Rxd8 Bc5 39.Bd5 { } )
32...Be6 { ? } ( 32...Bxd6 33.Bxa5 Be6 34.a4 Bc5 35.Rxd7+ Bxd7 36.Bxb7 Bxa4
37.Be4 h6 38.Bc3 Ke6 39.g4 Bd6 { } ) 33.Bf1 Bxa2 34.Bb5 Bxd6 35.Bxd6 Rd8
36.Rd2 Bb3 37.Bb4 Rxd2 38.Bxd2 a4 39.Bb4 Ke6 40.Kf1 h5 41.Ke2 Ke5 42.Ke3 h4
43.gxh4 gxh4 44.Bc3+ Kf5 45.Bd7+ Kg5 46.Bb2 Bc2 47.f4+ Kg6 48.Kf3 Bd1+ 49.Ke4
Bc2+ 50.Kd5 b5 51.Ba3 Bd3 52.Kd6 Kh5 53.Ke7 f5 54.h3 Kg6 55.Be8+ Kg7 56.Ke6
Bf1 57.Kxf5 Bxh3+ 58.Kg5 Bf1 59.f5 b4 60.Bxb4 { } {#r} 1-0

[Event "Ch France (open) (a)"]
[Site "masterchessopen.com Nantes (France)"]
[Date "1993.08.19"]
[Round "3"]
[White "Sergent Marcel (FRA)"]
[Black "Le Du Michel (FRA)"]
[Result "1-0"]
[WhiteElo "1824"]
[BlackElo "1912"]

1.d4 Nf6 2.c4 g6 3.g3 d5 4.Bg2 c6 5.Nc3 Bg7 6.cxd5 cxd5 7.Bg5 e6 8.Nf3 Nc6
9.O-O O-O 10.Rc1 Qa5 11.Bd2 Qd8 12.e3 Bd7 13.Qe2 Ne8 14.Rfd1 Nd6 15.b3 f5
16.Na4 Ne4 17.Be1 Rc8 18.Nc5 b6 19.Nxd7 Qxd7 20.Rc2 e5 21.dxe5 Nxe5 22.Nxe5
Bxe5 23.Rdc1 Rxc2 24.Qxc2 Rf7 25.Qc8+ Qxc8 26.Rxc8+ Kg7 27.Re8 Bf6 28.Rc8 d4
29.exd4 Bxd4 30.Rc4 Rd7 31.Bxe4 fxe4 32.Rxd4 {#r} 1-0

[Event "Ch France (team) (2) 1998/99"]
[Site "masterchessopen.com France"]
[Round "2"]
[White "Templier Nicolas (FRA)"]
[Black "Martin Joel (FRA)"]
[Result "1-0"]
[WhiteElo "2145"]
[BlackElo "2041"]

1.d4 Nf6 2.c4 g6 3.g3 c6 4.Bg2 d5 5.cxd5 cxd5 6.Nc3 Bg7 7.Nf3 O-O 8.Ne5 e6
9.Bg5 h6 10.Be3 Nbd7 11.f4 Qa5 12.O-O b5 13.Qb3 a6 14.a4 bxa4 15.Rxa4 Qc7
16.Rc1 Rb8 17.Rb4 Rxb4 18.Qxb4 Qb6 19.Na2 a5 20.Qxb6 Nxb6 21.Bd2 a4 22.Rc7
Nfd7 23.Bb4 Bxe5 24.dxe5 Re8 25.Nc3 Ba6 26.Kf2 Bc4 27.Ra7 Bb3 28.Bd6 Ra8
29.Rb7 Rc8 30.e3 Rc6 31.h4 Rc8 32.Bf3 Ra8 33.Bg4 Rc8 34.h5 Kg7 35.hxg6 Kxg6
36.Kg2 Bc4 37.Kh3 Bb3 38.Kh4 Bc4 39.Bh5+ Kg7 40.Ra7 Bb3 41.Rb7 Kg8 42.Bg4 Bc2
43.Be2 a3 44.Bxa3 Rb8 45.Rxb8+ Nxb8 46.Bc5 Nc4 47.b4 Nd7 48.Bd4 Ndb6 49.Nb5
Nc8 50.Nc7 Ba4 51.Kh5 Kh7 52.Bd3+ {#r} 1-0

[Event "Ch Greece (team)"]
[Site "masterchessopen.com Ermioni (Greece)"]
[Date "2006.07.05"]
[Round "3"]
[White "Tsarouha Marianthi (GRE)"]
[Black "Papadopoulos Nikolaos (GRE)"]
[Result "0-1"]
[WhiteElo "1811"]
[BlackElo "2124"]

1.d4 Nf6 2.c4 g6 3.g3 c6 4.Bg2 d5 5.cxd5 cxd5 6.Nc3 Nc6 7.Bg5 Bg7 8.e3 Ne4
9.Bxe4 dxe4 10.g4 O-O 11.Nxe4 Qd5 12.Qf3 Qa5+ 13.Kf1 f5 14.Nc3 Be6 15.Nge2
fxg4 16.Qe4 Bf5 17.Qg2 h6 18.Bf4 e5 19.dxe5 Nxe5 20.Bxe5 Bxe5 21.Qxb7 Rab8
22.Qc6 Rxb2 23.Nd5 Kg7 24.Rc1 Qd2 25.Re1 Rc8 26.Qa6 Qxd5 27.Qxa7+ Rc7 {#R} 0-1

[Event "Ch Leningrad"]
[Site "masterchessopen.com Leningrad (Russia)"]
[Round "0"]
[White "Osnos Viatcheslav (RUS)"]
[Black "Tseitlin Mark D (ISR)"]
[Result "1-0"]
[WhiteElo "2384"]
[BlackElo "2403"]

1.d4 Nf6 2.c4 g6 3.g3 c6 4.Bg2 d5 5.b3 Bg7 6.Bb2 O-O 7.Nf3 Ne4 8.Nbd2 Nxd2
9.Qxd2 Bf5 10.Nh4 Be6 11.Rc1 a5 12.e4 dxe4 13.Bxe4 Bh3 14.Bg2 Bxg2 15.Nxg2 c5
16.d5 e5 17.Bc3 Nd7 18.O-O a4 19.Qb2 axb3 20.axb3 Re8 21.f4 Bf6 22.fxe5 Bxe5
23.Qf2 Qe7 24.Rce1 Qf8 25.Bxe5 Nxe5 26.Nf4 Qd6 27.Nd3 f5 28.Qf4 Nf7 29.Rxe8+
Rxe8 30.Qxd6 Nxd6 31.Nxc5 b5 32.Nd7 Re7 33.Nb6 bxc4 34.Nxc4 Ne4 35.d6 Rd7
36.b4 Rd8 37.b5 {#r} 1-0

[Event "Ch Leningrad"]
[Site "masterchessopen.com Leningrad (Russia)"]
[Round "0"]
[White "Osnos Viatcheslav (RUS)"]
[Black "Tseitlin Mark D (ISR)"]
[Result "1-0"]
[WhiteElo "2384"]
[BlackElo "2403"]

1.d4 Nf6 2.c4 g6 3.g3 c6 4.Bg2 d5 5.b3 Bg7 6.Bb2 O-O 7.Nf3 Ne4 8.Nbd2 Nxd2
9.Qxd2 Bf5 10.Nh4 Be6 11.Rc1 a5 12.e4 dxe4 13.Bxe4 Bh3 14.Bg2 Bxg2 15.Nxg2 c5
16.d5 e5 17.Bc3 Nd7 18.O-O a4 19.Bb2 axb3 20.axb3 Re8 21.f4 Bf6 22.fxe5 Bxe5
23.Qf2 Qe7 24.Rce1 Qf8 25.Bxe5 Nxe5 26.Nf4 Qd6 27.Nd3 f5 28.Qf4 Nf7 29.Rxe8+
Rxe8 30.Qxd6 Nxd6 31.Nxc5 b5 32.Nd7 Re7 33.Nb6 bxc4 34.Nxc4 Ne4 35.d6 Rd7
36.b4 Rd8 37.b5 Nxd6 38.Rd1 Nb7 39.Rxd8+ Nxd8 40.Na5 Kf7 41.b6 Kf6 42.b7 Nxb7
43.Nxb7 f4 44.Kg2 fxg3 45.Kxg3 g5 46.Kg4 Kg6 47.Nd6 h5+ 48.Kf3 Kf6 49.Ne4+ Kf5
50.Ng3+ Kg6 51.Ke4 h4 52.Nf5 Kh5 53.Ne3 g4 54.Kf4 {#r} 1-0